Statistics for Actually Good General Knowledge

Click here to take the quiz!

General Stats

  • This quiz has been taken 14 times
    (7 since last reset)
  • The average score is 6 of 50

Answer Stats

HintAnswer% Correct
Now extinct bird native to Mauritius.Dodo Bird
80%
To have conscious awareness while asleep is called _____ Dreaming.Lucid
60%
The galaxy which the Milky Way will collide with in 4.5 billion yearsAndromeda
40%
Article of clothing given to the winner of the Masters golf tournament.Green Jacket
40%
This airship caught fire in 1937 resulting in 35 deathsHindenburg
40%
What Swedish filmmaker’s works include Persona, Wild Strawberries, and The Seventh Seal?Ingmar Bergman
40%
Large medieval machine used to fling a heavy object.Trebuchet
40%
The first speculative bubble. A period in the 1630s Netherlands called ______ mania.Tulip
40%
What band was Lionel Richie a part of?Why do you know that, loser!
40%
Strenuous ski run designated for experienced skiers.Black Diamond
20%
Known as the greatest movie never made, director Alejandro Jodorowsky failed to adapt this sci-fi classicDune
20%
Animal used to play croquet in "Alice in Wonderland"Flamingo
20%
Co creator of cubism along with Pablo Picasso.Georges Braque
20%
Artist Gustav Klimt used this unorthodox material when creating works from his later period.Gold
20%
Impossible to untie knot which Alexander The Great cut with a swordGordian Knot
20%
What volcanic eruption in 1883 was the loudest ever recorded at 310 decibels?Krakatoa
20%
This family was an Italian banking dynasty emerging in 15th century Florence.Medici
20%
Jeanne Louise Calment is a French woman known for achieving this incredible feat.Oldest Human
20%
"The fool”, “Temperance”, and “The hanged man” make up a few of these.Tarot Cards
20%
Modern day peninsula where the asteroid that struck the dinosaurs landedYucatan
20%
Name of the iconic default computer wallpaper of Microsoft windows used in 2000.Bliss
0%
The idea that it's likelier for a single brain with memories to come into existence than an entire universeBoltzman Brain
0%
What is Sleeping Beauty's original name?Briar Rose
0%
The most painful insect sting ranked on the Schmidt pain scale.Bullet Ant
0%
Ego ____ is a phenomenon arising from the use of psychedelic drugs leading to a transcendence of the self.Death
0%
Chrysippus was a Greek Stoic philosopher who died from laughter at a joke he made after seeing this animal eating figs.Donkey
0%
The most valuable company of all time (taking account of inflation).Dutch East India Company
0%
Nickname of Beethoven's third symphony"Eroica"
0%
What is the name of the Russian archipelago east of Svalbard in the Arctic?Franz Josef Land
0%
______ Death is the way which the universe will endHeat
0%
What is the name of the traditional Scottish strength event established in 2000 bc?Highland Games
0%
Name either type of non-Euclidean geometry.Hyperbolic or Elliptic
0%
Kurt Gödel's ________ theorems proved that a complete and consistent set of axioms for all mathematics is impossibleIncompleteness
0%
Bloated world record holder in the Zercher Shrugs exerciseKyriakos Grizzly ⚓
0%
At 16,700 ft, this is the highest altitude city in the world with a significant year-round population.La Rinconada, Peru
0%
Famous two-dimensional set in the complex plane that exhibits an intricate fractal pattern from a simple recursive definitionMandelbrot Set
0%
Imaginary location in one’s mind to store images that correspond to different types of informationMemory Palace
0%
The tallest vertical cliff face at 5,495 feetMount Thor
0%
What is the point on Earth of zero degrees latitude and zero degrees longitude colloquially called?Null Island
0%
Famous chess game where Paul Morhpy defeated a German duke and French aristocrat in 1858Opera Game
0%
Mythological symbol depicting a serpent that swallows its own tailOuroboros
0%
Digital computers use bits, quantum computers use ______.Qubits
0%
What was the original name of the Advanced Encryption Standard (AES) cipher?Rijndael
0%
Buddhist term for endless cycle of rebirthSamsara
0%
Center of a black hole.Singularity
0%
This mega-tall skyscraper features a giant mass damper at its topTaipei 101
0%
Philosophical concept of a superior human being proposed by Friedrich NietzscheUbermensch
0%
Game engine created by Epic gamesUnreal Engine
0%
What is the phrase, "I came, I saw, I conquered" in original latinVeni, Vidi, Vici
0%
What is the first line spoken in Hamlet?"Who's there?"
0%

Score Distribution

Percentile by Number Answered

Percent of People with Each Score

Your Score History

You have not taken this quiz since the last reset